| 000 | 00676nam a2200217Ia 4500 | ||
|---|---|---|---|
| 003 | OSt | ||
| 005 | 20220923230810.0 | ||
| 006 | a|||||r|||| 00| 0 | ||
| 007 | ta | ||
| 008 | Pun | ||
| 024 | _a305,610 | ||
| 037 | _cTextual | ||
| 040 |
_aARTS _cARTS _bPun |
||
| 041 |
_2Pun _aPun |
||
| 082 | _aQ0aY1, 153K7 | ||
| 100 |
_aਰਾਧਾਕ੍ਰਿFਣਨ, ਸਰਵਪਲੀ; ਤ੍ਰਿਲੋਚਨ ਸਿੰਘ, ੳਗ. _9169180 |
||
| 245 | 0 | _aਧਰਮ ਤੇ ਸਮਾਜ | |
| 260 | _c1967 | ||
| 942 |
_hQ0aY1, 153K7 _cTEXL _2CC |
||
| 999 |
_c387402 _d387402 |
||